[Event "Bundesliga 0102"]
[Site "Deutschland"]
[Date "2002.02.24"]
[Round "9.7"]
[White "Pfretzschner, Roland"]
[Black "Hector, Jonny"]
[Result "0-1"]
[WhiteElo "2280"]
[BlackElo "2552"]
[PlyCount "92"]
[EventDate "2001.10.06"]
[EventType "team"]
[EventRounds "15"]
[EventCountry "GER"]
[SourceTitle "Bundesliga 0102"]
[Source "DeepChess"]
[SourceDate "2005.01.01"]
[SourceVersion "1"]
[SourceVersionDate "2005.01.01"]
[SourceQuality "1"]
[WhiteTeam "SK Koenig Plauen"]
[BlackTeam "Luebecker SV von 1873 "]
[WhiteTeamCountry "GER"]
[BlackTeamCountry "GER"]

1. e4 e5 2. Nc3 Nf6 3. g3 Bc5 4. Bg2 d6 5. d3 a6 6. Nf3 Nc6 7. Bg5 h6 8. Be3
Bg4 9. Qd2 Nd4 10. Bxd4 Bxf3 11. Bxf3 Bxd4 12. Nd1 c6 13. c3 Ba7 14. Ne3 d5 15.
exd5 cxd5 16. c4 Bxe3 17. Qxe3 O-O 18. O-O Re8 19. cxd5 Re7 20. Rfc1 Nxd5 21.
Bxd5 Qxd5 22. Rc5 Qe6 23. d4 exd4 24. Qxd4 Rae8 25. Qc4 Qh3 26. Qf1 Qg4 27. Rc4
Qf5 28. Rac1 Qa5 29. Qd3 Qxa2 30. Qc3 Re1+ 31. Rxe1 Rxe1+ 32. Kg2 Re8 33. Rg4
Qd5+ 34. Kh3 Qh5+ 35. Rh4 Qd1 36. Kg2 Qd5+ 37. Kh3 Re2 38. Rf4 Rd2 39. b4 Rd3
40. Qc8+ Kh7 41. Qc2 f5 42. Qc8 Rf3 43. Rxf3 Qxf3 44. Qc5 Kg6 45. Qe7 Qg4+ 46.
Kg2 Qe4+ 0-1

[Event "Bundesliga 0102"]
[Site "Deutschland"]
[Date "2002.02.24"]
[Round "9.8"]
[White "Mortensen, Erling"]
[Black "Dirr, Ulrich"]
[Result "1-0"]
[WhiteElo "2423"]
[BlackElo "2323"]
[PlyCount "119"]
[EventDate "2001.10.06"]
[EventType "team"]
[EventRounds "15"]
[EventCountry "GER"]
[SourceTitle "Bundesliga 0102"]
[Source "DeepChess"]
[SourceDate "2005.01.01"]
[SourceVersion "1"]
[SourceVersionDate "2005.01.01"]
[SourceQuality "1"]
[WhiteTeam "Luebecker SV von 1873 "]
[BlackTeam "SK Koenig Plauen"]
[WhiteTeamCountry "GER"]
[BlackTeamCountry "GER"]

1. e4 e6 2. d4 d5 3. Nc3 Bb4 4. e5 Ne7 5. Nf3 c5 6. dxc5 Nd7 7. Bd2 Nc6 8. Bb5
Bxc5 9. O-O O-O 10. Na4 Be7 11. Re1 a6 12. Bxc6 bxc6 13. c4 c5 14. cxd5 exd5
15. b4 cxb4 16. Nd4 Bb7 17. Qg4 g6 18. Bh6 Nc5 19. Nxc5 Bxc5 20. Bxf8 Qxf8 21.
Rad1 Bc8 22. Qg3 Be6 23. h4 Qh6 24. Nxe6 fxe6 25. Qg4 Re8 26. Rc1 Qd2 27. Qe2
Qxe2 28. Rxe2 Bd4 29. Rc6 a5 30. Ra6 Bc3 31. Rxa5 d4 32. Ra6 Rd8 33. Rd6 Ra8
34. g3 Ra7 35. Kg2 Kf7 36. Kf3 Ke7 37. Ke4 Ra5 38. f4 Ra3 39. g4 Ba1 40. f5
gxf5+ 41. gxf5 exf5+ 42. Kxf5 Rf3+ 43. Ke4 Rh3 44. Rh6 Bc3 45. Rxh7+ Ke6 46.
Rh6+ Ke7 47. Rg2 Re3+ 48. Kf4 Re1 49. Rh7+ Ke6 50. Rg6+ Kd5 51. Rd7+ Kc4 52. e6
d3 53. Kf5 Rf1+ 54. Kg4 d2 55. e7 Re1 56. Rgd6 Re4+ 57. Kf5 Rd4 58. Rxd4+ Bxd4
59. Rxd4+ Kxd4 60. e8=Q 1-0

[Event "Bundesliga 0102"]
[Site "Deutschland"]
[Date "2002.02.24"]
[Round "9.1"]
[White "Aronian, Levon"]
[Black "Hracek, Zbynek"]
[Result "0-1"]
[WhiteElo "2562"]
[BlackElo "2610"]
[PlyCount "121"]
[EventDate "2001.10.06"]
[EventType "team"]
[EventRounds "15"]
[EventCountry "GER"]
[SourceTitle "Bundesliga 0102"]
[Source "DeepChess"]
[SourceDate "2005.01.01"]
[SourceVersion "1"]
[SourceVersionDate "2005.01.01"]
[SourceQuality "1"]
[WhiteTeam "SV Wattenscheid 1930"]
[BlackTeam "SAbt SV Werder Bremen"]
[WhiteTeamCountry "GER"]
[BlackTeamCountry "GER"]

1. e4 c5 2. Nf3 d6 3. Bc4 Nf6 4. d3 Nc6 5. c3 g6 6. O-O Bg7 7. h3 O-O 8. Bb3 b6
9. Re1 Bb7 10. d4 e6 11. Nbd2 Rc8 12. e5 Ne8 13. dxc5 bxc5 14. exd6 Nxd6 15.
Nc4 Nxc4 16. Bxc4 Qc7 17. Qa4 Ne7 18. Be2 Bc6 19. Qa3 Bd5 20. Bg5 h6 21. Bd2
Nf5 22. Rad1 Rb8 23. b3 Rfd8 24. c4 Bxf3 25. Bxf3 Rxd2 26. Rxd2 Bc3 27. Qc1
Bxd2 28. Qxd2 Rd8 29. Qc1 Kg7 30. g3 a5 31. h4 Nd4 32. Bg2 Qd6 33. Qc3 Qb6 34.
Qe3 Qc7 35. Kh1 Kh7 36. Be4 Kg7 37. Kg2 Qd6 38. f4 h5 39. Bb7 Rb8 40. Bf3 a4
41. Bd1 Kf8 42. Qc3 Qb6 43. Re5 Ke7 44. Kh3 axb3 45. Bxb3 Qb7 46. Re1 Qf3 47.
Qxf3 Nxf3 48. Re3 Nd4 49. Kg2 Kd6 50. Kf2 f6 51. Kg2 Rb7 52. Kf2 e5 53. fxe5+
fxe5 54. Kg2 Ke6 55. Kf2 Kf5 56. Ke1 e4 57. Kd2 Ke5 58. Kc3 Rf7 59. Bd1 Rf1 60.
Ba4 Rf2 61. Be8 0-1

[Event "Bundesliga 0102"]
[Site "Deutschland"]
[Date "2002.02.24"]
[Round "9.2"]
[White "Babula, Vlastimil"]
[Black "Nielsen, Peter Heine"]
[Result "1/2-1/2"]
[WhiteElo "2566"]
[BlackElo "2593"]
[PlyCount "73"]
[EventDate "2001.10.06"]
[EventType "team"]
[EventRounds "15"]
[EventCountry "GER"]
[SourceTitle "Bundesliga 0102"]
[Source "DeepChess"]
[SourceDate "2005.01.01"]
[SourceVersion "1"]
[SourceVersionDate "2005.01.01"]
[SourceQuality "1"]
[WhiteTeam "SAbt SV Werder Bremen"]
[BlackTeam "SV Wattenscheid 1930"]
[WhiteTeamCountry "GER"]
[BlackTeamCountry "GER"]

1. d4 Nf6 2. c4 e6 3. Nc3 Bb4 4. e3 O-O 5. Bd3 c5 6. Nf3 d5 7. O-O cxd4 8. exd4
dxc4 9. Bxc4 b6 10. Bg5 Bb7 11. Ne5 Nbd7 12. Qe2 Bxc3 13. bxc3 Qc7 14. Nxd7
Nxd7 15. Rac1 Qc6 16. f3 Rac8 17. Bd3 Qd6 18. Rfd1 Rfe8 19. Bh4 Qa3 20. Qc2 Nf8
21. Qb3 Qa5 22. Bb5 Bc6 23. a4 a6 24. Bxc6 Rxc6 25. d5 exd5 26. Rxd5 Rc5 27. c4
Ng6 28. Bg3 h5 29. h4 Re2 30. Rcd1 Rxd5 31. Rxd5 b5 32. Qd3 bxc4 33. Qxc4 Qb6+
34. Kh2 Qe6 35. Rd8+ Kh7 36. Qxe6 Rxe6 37. Rd5 1/2-1/2

[Event "Bundesliga 0102"]
[Site "Deutschland"]
[Date "2002.02.24"]
[Round "9.3"]
[White "Rustemov, Alexander"]
[Black "Schandorff, Lars"]
[Result "1/2-1/2"]
[WhiteElo "2607"]
[BlackElo "2551"]
[PlyCount "35"]
[EventDate "2001.10.06"]
[EventType "team"]
[EventRounds "15"]
[EventCountry "GER"]
[SourceTitle "Bundesliga 0102"]
[Source "DeepChess"]
[SourceDate "2005.01.01"]
[SourceVersion "1"]
[SourceVersionDate "2005.01.01"]
[SourceQuality "1"]
[WhiteTeam "SV Wattenscheid 1930"]
[BlackTeam "SAbt SV Werder Bremen"]
[WhiteTeamCountry "GER"]
[BlackTeamCountry "GER"]

1. d4 Nf6 2. c4 e6 3. Nc3 Bb4 4. e3 O-O 5. Bd3 c5 6. Nge2 d5 7. cxd5 cxd4 8.
exd4 Nxd5 9. O-O Nc6 10. Bc2 Bd6 11. Ne4 Be7 12. a3 Qc7 13. Qd3 Re8 14. N4c3 g6
15. Bh6 Nxc3 16. Qxc3 e5 17. dxe5 Qxe5 18. Rfe1 1/2-1/2

[Event "Bundesliga 0102"]
[Site "Deutschland"]
[Date "2002.02.24"]
[Round "9.4"]
[White "McShane, Luke J"]
[Black "Holzke, Frank"]
[Result "1/2-1/2"]
[WhiteElo "2511"]
[BlackElo "2468"]
[PlyCount "43"]
[EventDate "2001.10.06"]
[EventType "team"]
[EventRounds "15"]
[EventCountry "GER"]
[SourceTitle "Bundesliga 0102"]
[Source "DeepChess"]
[SourceDate "2005.01.01"]
[SourceVersion "1"]
[SourceVersionDate "2005.01.01"]
[SourceQuality "1"]
[WhiteTeam "SAbt SV Werder Bremen"]
[BlackTeam "SV Wattenscheid 1930"]
[WhiteTeamCountry "GER"]
[BlackTeamCountry "GER"]

1. e4 e5 2. Nf3 Nc6 3. Bb5 a6 4. Ba4 Nf6 5. O-O Nxe4 6. d4 b5 7. Bb3 d5 8. dxe5
Be6 9. Nbd2 Nc5 10. c3 d4 11. cxd4 Nxd4 12. Nxd4 Qxd4 13. Bxe6 Nxe6 14. Qf3 Rd8
15. Qc6+ Qd7 16. Qe4 Be7 17. Nf3 Nc5 18. Qf4 O-O 19. Qg3 Ne4 20. Qf4 Nc5 21.
Qg3 Ne4 22. Qf4 1/2-1/2

[Event "Bundesliga 0102"]
[Site "Deutschland"]
[Date "2002.02.24"]
[Round "9.5"]
[White "Handke, Florian"]
[Black "Pelletier, Yannick"]
[Result "1/2-1/2"]
[WhiteElo "2384"]
[BlackElo "2531"]
[PlyCount "84"]
[EventDate "2001.10.06"]
[EventType "team"]
[EventRounds "15"]
[EventCountry "GER"]
[SourceTitle "Bundesliga 0102"]
[Source "DeepChess"]
[SourceDate "2005.01.01"]
[SourceVersion "1"]
[SourceVersionDate "2005.01.01"]
[SourceQuality "1"]
[WhiteTeam "SV Wattenscheid 1930"]
[BlackTeam "SAbt SV Werder Bremen"]
[WhiteTeamCountry "GER"]
[BlackTeamCountry "GER"]

1. e4 e6 2. d4 d5 3. Nd2 Be7 4. Bd3 c5 5. dxc5 Nf6 6. exd5 Qxd5 7. Ngf3 Nbd7 8.
O-O Nxc5 9. Bc4 Qd6 10. Qe2 O-O 11. Nb3 Rd8 12. Bg5 Nce4 13. Bh4 b6 14. Rad1
Qc7 15. Nbd4 a6 16. Bxf6 Nxf6 17. Ne5 Bd6 18. Nxf7 Kxf7 19. Bxe6+ Bxe6 20. Nxe6
Qc6 21. Nxd8+ Rxd8 22. Qxa6 Qxc2 23. Qb7+ Rd7 24. Qf3 Qxb2 25. g3 Qb5 26. Rd4
Bc5 27. Rf4 Qd3 28. Qg4 Rd4 29. Re1 Rxf4 30. Qxf4 h6 31. a4 Kg6 32. h3 Kh7 33.
Re6 Qd1+ 34. Kh2 Qf1 35. Qf5+ Kg8 36. Rc6 Qxf2+ 37. Qxf2 Bxf2 38. Kg2 Bd4 39.
Rd6 Bc5 40. Rc6 Bd4 41. Rd6 Bc5 42. Rc6 Bd4 1/2-1/2

[Event "Bundesliga 0102"]
[Site "Deutschland"]
[Date "2002.02.24"]
[Round "9.6"]
[White "Joachim, Sven"]
[Black "Ellers, Holger"]
[Result "1/2-1/2"]
[WhiteElo "2443"]
[BlackElo "2444"]
[PlyCount "32"]
[EventDate "2001.10.06"]
[EventType "team"]
[EventRounds "15"]
[EventCountry "GER"]
[SourceTitle "Bundesliga 0102"]
[Source "DeepChess"]
[SourceDate "2005.01.01"]
[SourceVersion "1"]
[SourceVersionDate "2005.01.01"]
[SourceQuality "1"]
[WhiteTeam "SAbt SV Werder Bremen"]
[BlackTeam "SV Wattenscheid 1930"]
[WhiteTeamCountry "GER"]
[BlackTeamCountry "GER"]

1. e4 e6 2. d4 d5 3. Nc3 Nc6 4. Nf3 Nf6 5. Bg5 Be7 6. Bxf6 Bxf6 7. Bb5 O-O 8.
Qd2 Nb8 9. O-O-O b6 10. h4 Bb7 11. Qf4 c5 12. exd5 cxd4 13. Ne4 Bxd5 14. Nxf6+
Qxf6 15. Qxf6 gxf6 16. Nxd4 Rc8 1/2-1/2

[Event "Bundesliga 0102"]
[Site "Deutschland"]
[Date "2002.02.24"]
[Round "9.7"]
[White "Straeter, Timo"]
[Black "Meins, Gerlef"]
[Result "0-1"]
[WhiteElo "2310"]
[BlackElo "2415"]
[PlyCount "100"]
[EventDate "2001.10.06"]
[EventType "team"]
[EventRounds "15"]
[EventCountry "GER"]
[SourceTitle "Bundesliga 0102"]
[Source "DeepChess"]
[SourceDate "2005.01.01"]
[SourceVersion "1"]
[SourceVersionDate "2005.01.01"]
[SourceQuality "1"]
[WhiteTeam "SV Wattenscheid 1930"]
[BlackTeam "SAbt SV Werder Bremen"]
[WhiteTeamCountry "GER"]
[BlackTeamCountry "GER"]

1. Nf3 d5 2. c4 e6 3. d4 Nf6 4. Bg5 Be7 5. Nc3 O-O 6. cxd5 Nxd5 7. Bd2 c5 8.
dxc5 Bxc5 9. Nxd5 exd5 10. Bc3 Nc6 11. e3 Bg4 12. Be2 Bxf3 13. Bxf3 d4 14. exd4
Re8+ 15. Kf1 Nxd4 16. Bxb7 Qb6 17. Bxd4 Bxd4 18. Qb3 Qf6 19. Qf3 Rab8 20. Qxf6
Bxf6 21. Bc6 Rec8 22. Bd5 Rxb2 23. Rd1 Rcc2 24. h4 Rxf2+ 25. Kg1 Rf4 26. Rh3
Rxh4 27. Rxh4 Bxh4 28. Kh2 g6 29. Bb3 Re2 30. Kh3 Bf6 31. Kg3 Re7 32. Kf3 h5
33. Rd3 Kg7 34. Ba4 Be5 35. Rd7 Rxd7 36. Bxd7 f5 37. Ke3 Kf6 38. Kf3 g5 39. Kf2
g4 40. Bc6 Kg5 41. Bb7 a5 42. Ba8 Kf4 43. Bc6 Bd4+ 44. Ke2 Kg3 45. Bb7 h4 46.
a4 Bb6 47. Bc6 h3 48. gxh3 Kxh3 49. Kf1 f4 50. Bd7 f3 0-1

[Event "Bundesliga 0102"]
[Site "Deutschland"]
[Date "2002.02.24"]
[Round "9.8"]
[White "Heissler, Jakob"]
[Black "Thiel, Thomas"]
[Result "1-0"]
[WhiteElo "2437"]
[BlackElo "2314"]
[PlyCount "93"]
[EventDate "2001.10.06"]
[EventType "team"]
[EventRounds "15"]
[EventCountry "GER"]
[SourceTitle "Bundesliga 0102"]
[Source "DeepChess"]
[SourceDate "2005.01.01"]
[SourceVersion "1"]
[SourceVersionDate "2005.01.01"]
[SourceQuality "1"]
[WhiteTeam "SAbt SV Werder Bremen"]
[BlackTeam "SV Wattenscheid 1930"]
[WhiteTeamCountry "GER"]
[BlackTeamCountry "GER"]

1. e4 d5 2. exd5 Qxd5 3. Nc3 Qa5 4. g3 g6 5. Bg2 Bg7 6. Nf3 Nf6 7. O-O O-O 8.
d4 Nc6 9. d5 Nb4 10. Nd4 Bg4 11. Qd2 c5 12. Nb3 Qc7 13. a3 Na6 14. h3 Bd7 15.
Qe2 Rad8 16. Be3 e6 17. d6 Qc8 18. Na5 Bc6 19. Bxc6 bxc6 20. Bg5 h6 21. Bxf6
Bxf6 22. Rad1 Nb8 23. Nc4 Nd7 24. Ne4 Bg7 25. c3 Qa6 26. Rfe1 Rb8 27. Ne3 Qa4
28. Nc4 Qb5 29. Kg2 Rfe8 30. a4 Qa6 31. a5 Kh7 32. Ned2 e5 33. g4 Rg8 34. Kh1
Rbf8 35. Nb3 Qb7 36. Qc2 f5 37. gxf5 Rxf5 38. Rg1 Qc8 39. Ne3 Rf6 40. Ng4 Rf3
41. Nh2 Rf6 42. Rg3 Nf8 43. Nxc5 Nd7 44. b4 Qe8 45. Ng4 Rf4 46. Nxd7 Qxd7 47.
Qxg6+ 1-0

[Event "Bundesliga 0102"]
[Site "Deutschland"]
[Date "2002.02.24"]
[Round "9.1"]
[White "Georgiev, Kiril"]
[Black "Lamprecht, Frank"]
[Result "1/2-1/2"]
[WhiteElo "2695"]
[BlackElo "2399"]
[PlyCount "60"]
[EventDate "2001.10.06"]
[EventType "team"]
[EventRounds "15"]
[EventCountry "GER"]
[SourceTitle "Bundesliga 0102"]
[Source "DeepChess"]
[SourceDate "2005.01.01"]
[SourceVersion "1"]
[SourceVersionDate "2005.01.01"]
[SourceQuality "1"]
[WhiteTeam "SV Castrop Rauxel 1923"]
[BlackTeam "SC Koenigsspringer 1984 Hamburg"]
[WhiteTeamCountry "GER"]
[BlackTeamCountry "GER"]

1. d4 d5 2. c4 c6 3. Nf3 Nf6 4. Nc3 dxc4 5. a4 Bf5 6. Ne5 Nbd7 7. Nxc4 Qc7 8.
g3 e5 9. dxe5 Nxe5 10. Bf4 Nfd7 11. Bg2 g5 12. Ne3 gxf4 13. Nxf5 O-O-O 14. Qc2
Bb4 15. O-O fxg3 16. hxg3 h5 17. Na2 Bf8 18. b4 h4 19. Nxh4 Rxh4 20. gxh4 Ng4
21. f4 Qb6+ 22. Kh1 Nf2+ 23. Rxf2 Qxf2 24. Rf1 Qxh4+ 25. Kg1 a5 26. Qc3 axb4
27. Nxb4 Bc5+ 28. e3 Rg8 29. Nc2 Nf6 30. Qxc5 Rxg2+ 1/2-1/2

[Event "Bundesliga 0102"]
[Site "Deutschland"]
[Date "2002.02.24"]
[Round "9.2"]
[White "Pajeken, Wolfgang"]
[Black "Rozentalis, Eduardas"]
[Result "0-1"]
[WhiteElo "2339"]
[BlackElo "2588"]
[PlyCount "72"]
[EventDate "2001.10.06"]
[EventType "team"]
[EventRounds "15"]
[EventCountry "GER"]
[SourceTitle "Bundesliga 0102"]
[Source "DeepChess"]
[SourceDate "2005.01.01"]
[SourceVersion "1"]
[SourceVersionDate "2005.01.01"]
[SourceQuality "1"]
[WhiteTeam "SC Koenigsspringer 1984 Hamburg"]
[BlackTeam "SV Castrop Rauxel 1923"]
[WhiteTeamCountry "GER"]
[BlackTeamCountry "GER"]

1. d4 Nf6 2. c4 e6 3. Nc3 Bb4 4. Qc2 O-O 5. a3 Bxc3+ 6. Qxc3 b6 7. Bg5 Ba6 8.
Qf3 Nc6 9. e3 Re8 10. Rc1 Bb7 11. Bxf6 Qxf6 12. Qxf6 gxf6 13. Nf3 Ne7 14. c5
Bxf3 15. gxf3 c6 16. Bd3 Reb8 17. Rg1+ Kh8 18. b4 a5 19. b5 cxb5 20. Bxb5 bxc5
21. Rxc5 d6 22. Rh5 a4 23. Rg3 f5 24. Rgh3 Ng6 25. Rxh7+ Kg8 26. Bd7 Nf8 27.
Rh8+ Kg7 28. Bc6 Rb1+ 29. Ke2 Ra5 30. d5 exd5 31. R8h4 Rb2+ 32. Kf1 Ng6 33. Rd4
Ne5 34. Bxa4 Nc4 35. Bc6 Rxa3 36. Bxd5 Nxe3+ 0-1

[Event "Bundesliga 0102"]
[Site "Deutschland"]
[Date "2002.02.24"]
[Round "9.3"]
[White "Doettling, Fabian"]
[Black "Hochgraefe, Markus"]
[Result "1/2-1/2"]
[WhiteElo "2518"]
[BlackElo "2334"]
[PlyCount "64"]
[EventDate "2001.10.06"]
[EventType "team"]
[EventRounds "15"]
[EventCountry "GER"]
[SourceTitle "Bundesliga 0102"]
[Source "DeepChess"]
[SourceDate "2005.01.01"]
[SourceVersion "1"]
[SourceVersionDate "2005.01.01"]
[SourceQuality "1"]
[WhiteTeam "SV Castrop Rauxel 1923"]
[BlackTeam "SC Koenigsspringer 1984 Hamburg"]
[WhiteTeamCountry "GER"]
[BlackTeamCountry "GER"]

1. d4 Nf6 2. Nf3 d5 3. c4 e6 4. Nc3 Be7 5. Qc2 dxc4 6. e4 Nc6 7. e5 Nb4 8. Qb1
Nfd5 9. Bxc4 Nb6 10. Be2 Bd7 11. a3 N4d5 12. Ne4 Bc6 13. Qc2 a5 14. Bd3 h6 15.
h4 Bf8 16. h5 Ne7 17. Be3 Ba4 18. Qe2 Ned5 19. Rc1 Bc6 20. Bd2 a4 21. g4 Kd7
22. Rh3 Kc8 23. Rg3 Be7 24. Kf1 Kb8 25. Kg1 Ka7 26. Kh2 Qe8 27. Rcg1 Rd8 28.
Rh3 Bf8 29. Bc1 Ne7 30. Bd2 Ned5 31. Ne1 Ne7 32. Nf3 Ned5 1/2-1/2

[Event "Bundesliga 0102"]
[Site "Deutschland"]
[Date "2002.02.24"]
[Round "9.4"]
[White "Buhr, Carl Christian"]
[Black "Appel, Ralf"]
[Result "0-1"]
[WhiteElo "2394"]
[BlackElo "2512"]
[PlyCount "36"]
[EventDate "2001.10.06"]
[EventType "team"]
[EventRounds "15"]
[EventCountry "GER"]
[SourceTitle "Bundesliga 0102"]
[Source "DeepChess"]
[SourceDate "2005.01.01"]
[SourceVersion "1"]
[SourceVersionDate "2005.01.01"]
[SourceQuality "1"]
[WhiteTeam "SC Koenigsspringer 1984 Hamburg"]
[BlackTeam "SV Castrop Rauxel 1923"]
[WhiteTeamCountry "GER"]
[BlackTeamCountry "GER"]

1. d4 g6 2. e4 Bg7 3. Nc3 c6 4. Nf3 d5 5. e5 f6 6. Bf4 Nh6 7. Qe2 O-O 8. h3 Nd7
9. Qd2 g5 10. Bh2 fxe5 11. dxe5 e6 12. Nxg5 Nxe5 13. f4 Nhf7 14. Nxf7 Qh4+ 15.
Qf2 Qxf2+ 16. Kxf2 Rxf7 17. Nd1 Ng6 18. Ke3 Bh6 0-1

[Event "Bundesliga 0102"]
[Site "Deutschland"]
[Date "2002.02.24"]
[Round "9.5"]
[White "Gallagher, Joseph G"]
[Black "Voigt, Martin"]
[Result "1/2-1/2"]
[WhiteElo "2516"]
[BlackElo "2300"]
[PlyCount "74"]
[EventDate "2001.10.06"]
[EventType "team"]
[EventRounds "15"]
[EventCountry "GER"]
[SourceTitle "Bundesliga 0102"]
[Source "DeepChess"]
[SourceDate "2005.01.01"]
[SourceVersion "1"]
[SourceVersionDate "2005.01.01"]
[SourceQuality "1"]
[WhiteTeam "SV Castrop Rauxel 1923"]
[BlackTeam "SC Koenigsspringer 1984 Hamburg"]
[WhiteTeamCountry "GER"]
[BlackTeamCountry "GER"]

1. e4 c6 2. d4 d5 3. Nd2 dxe4 4. Nxe4 Bf5 5. Ng3 Bg6 6. h4 h6 7. Nf3 Nd7 8. h5
Bh7 9. Bd3 Bxd3 10. Qxd3 e6 11. Bd2 Ngf6 12. O-O-O Be7 13. Qe2 O-O 14. Kb1 a5
15. Ne5 a4 16. Rhe1 Qb6 17. c3 Rad8 18. Bc1 c5 19. Nxd7 Rxd7 20. dxc5 Bxc5 21.
Rxd7 Nxd7 22. Ne4 Be7 23. Rd1 Qc6 24. f3 Nf6 25. Nxf6+ Bxf6 26. a3 Rc8 27. Be3
b5 28. Bd4 Rd8 29. Bxf6 Rxd1+ 30. Qxd1 gxf6 31. Qd4 Qc4 32. Kc2 e5 33. Qd3 Kg7
34. Kd2 Qb3 35. Kc1 Qc4 36. Kd2 Qb3 37. Kc1 Qc4 1/2-1/2

[Event "Bundesliga 0102"]
[Site "Deutschland"]
[Date "2002.02.24"]
[Round "9.6"]
[White "Von Buelow, Georg"]
[Black "Hoffmann, Michael"]
[Result "1-0"]
[WhiteElo "2298"]
[BlackElo "2448"]
[PlyCount "97"]
[EventDate "2001.10.06"]
[EventType "team"]
[EventRounds "15"]
[EventCountry "GER"]
[SourceTitle "Bundesliga 0102"]
[Source "DeepChess"]
[SourceDate "2005.01.01"]
[SourceVersion "1"]
[SourceVersionDate "2005.01.01"]
[SourceQuality "1"]
[WhiteTeam "SC Koenigsspringer 1984 Hamburg"]
[BlackTeam "SV Castrop Rauxel 1923"]
[WhiteTeamCountry "GER"]
[BlackTeamCountry "GER"]

1. e4 c5 2. Nf3 Nc6 3. d4 cxd4 4. Nxd4 Qc7 5. Nb5 Qb8 6. c4 Nf6 7. N5c3 b6 8.
Be3 Bb7 9. Be2 e6 10. O-O Bc5 11. Qd2 O-O 12. Kh1 Ne7 13. f3 d5 14. exd5 exd5
15. Bxc5 bxc5 16. Qe3 Nf5 17. Qxc5 Re8 18. Bd3 Ne3 19. Re1 Qf4 20. Ne2 Qg5 21.
g3 Qh5 22. Nd4 Nfg4 23. Re2 Nf1 24. Kg1 Rxe2 25. Nxe2 Qxh2+ 26. Kxf1 Ne5 27.
Qe3 Nxd3 28. Qxd3 dxc4 29. Qe3 c3 30. Nbxc3 Qh1+ 31. Ng1 Ba6+ 32. Nce2 Bb5 33.
Re1 Re8 34. Qf2 a5 35. b3 h6 36. a4 Ba6 37. Qg2 Qh5 38. Qh3 Qd5 39. Kf2 Qxb3
40. Qd7 Qb6+ 41. Kg2 Re6 42. Qd2 Rd6 43. Qc3 Rd3 44. Qc2 Qd8 45. Rb1 g6 46. Rb2
Qf6 47. Rb8+ Kh7 48. Qc5 Rd2 49. Rb6 1-0

[Event "Bundesliga 0102"]
[Site "Deutschland"]
[Date "2002.02.24"]
[Round "9.7"]
[White "Dinstuhl, Volkmar"]
[Black "Berger, Steve"]
[Result "1-0"]
[WhiteElo "2402"]
[BlackElo "2311"]
[PlyCount "49"]
[EventDate "2001.10.06"]
[EventType "team"]
[EventRounds "15"]
[EventCountry "GER"]
[SourceTitle "Bundesliga 0102"]
[Source "DeepChess"]
[SourceDate "2005.01.01"]
[SourceVersion "1"]
[SourceVersionDate "2005.01.01"]
[SourceQuality "1"]
[WhiteTeam "SV Castrop Rauxel 1923"]
[BlackTeam "SC Koenigsspringer 1984 Hamburg"]
[WhiteTeamCountry "GER"]
[BlackTeamCountry "GER"]

1. d4 Nf6 2. c4 g6 3. Nc3 Bg7 4. e4 d6 5. Be2 O-O 6. Nf3 e5 7. Be3 exd4 8. Nxd4
Re8 9. f3 c6 10. Qd2 d5 11. exd5 cxd5 12. O-O dxc4 13. Ndb5 Qe7 14. Bf2 Rd8 15.
Qe3 Qxe3 16. Bxe3 Nc6 17. Rfd1 Bf5 18. Bxc4 Ne8 19. Nxa7 Rxd1+ 20. Rxd1 Rxa7
21. Bxa7 Nxa7 22. g4 Bc8 23. Rd8 Kf8 24. Bb5 Nxb5 25. Nxb5 1-0

[Event "Bundesliga 0102"]
[Site "Deutschland"]
[Date "2002.02.24"]
[Round "9.8"]
[White "Wendt, Jan Dietrich"]
[Black "Hennig, Dirk"]
[Result "1-0"]
[WhiteElo "2285"]
[BlackElo "2428"]
[PlyCount "83"]
[EventDate "2001.10.06"]
[EventType "team"]
[EventRounds "15"]
[EventCountry "GER"]
[SourceTitle "Bundesliga 0102"]
[Source "DeepChess"]
[SourceDate "2005.01.01"]
[SourceVersion "1"]
[SourceVersionDate "2005.01.01"]
[SourceQuality "1"]
[WhiteTeam "SC Koenigsspringer 1984 Hamburg"]
[BlackTeam "SV Castrop Rauxel 1923"]
[WhiteTeamCountry "GER"]
[BlackTeamCountry "GER"]

1. Nf3 d6 2. d4 Bg4 3. e4 Nf6 4. Nc3 e6 5. h3 Bxf3 6. Qxf3 c6 7. d5 cxd5 8.
exd5 e5 9. Be3 Be7 10. g4 O-O 11. O-O-O Qa5 12. Kb1 Rc8 13. g5 Nfd7 14. Ne4 Na6
15. c3 Qd8 16. h4 Nac5 17. Bh3 Nxe4 18. Qxe4 Rc7 19. Qg2 Qe8 20. h5 Nf8 21. f4
f6 22. fxe5 fxe5 23. Bf5 Bd8 24. Rdf1 Re7 25. Qe4 Bb6 26. Bd2 a5 27. Rf3 a4 28.
Rhf1 Qb5 29. Bh3 Bc5 30. c4 Qb6 31. Qf5 Qd8 32. Qe4 Qb6 33. g6 Bd4 34. Bc1 h6
35. a3 Rae8 36. Rf7 Qd8 37. Bd2 Kh8 38. Bxh6 Rxf7 39. Rxf7 Qb6 40. Bc1 Kg8 41.
Qf3 Qd8 42. Rxg7+ 1-0

[Event "Bundesliga 0102"]
[Site "Deutschland"]
[Date "2002.02.24"]
[Round "9.1"]
[White "Kasimdzhanov, Rustam"]
[Black "Golubev, Mihail"]
[Result "1-0"]
[WhiteElo "2704"]
[BlackElo "2526"]
[PlyCount "77"]
[EventDate "2001.10.06"]
[EventType "team"]
[EventRounds "15"]
[EventCountry "GER"]
[SourceTitle "Bundesliga 0102"]
[Source "DeepChess"]
[SourceDate "2005.01.01"]
[SourceVersion "1"]
[SourceVersionDate "2005.01.01"]
[SourceQuality "1"]
[WhiteTeam "SG 1868 Aljech. Solingen"]
[BlackTeam "Stuttgarter SF 1879"]
[WhiteTeamCountry "GER"]
[BlackTeamCountry "GER"]

1. d4 Nf6 2. c4 g6 3. Nc3 Bg7 4. e4 d6 5. Nf3 O-O 6. Be2 e5 7. Be3 Na6 8. O-O
Ng4 9. Bg5 Qe8 10. dxe5 dxe5 11. h3 f6 12. Bd2 Nh6 13. Be3 Nf7 14. Rb1 c6 15.
b4 Qe7 16. c5 f5 17. Bc4 f4 18. Bc1 Nc7 19. b5 Ne6 20. bxc6 bxc6 21. Qa4 Qc7
22. Ba3 Kh8 23. Ne2 Nfg5 24. Nxg5 Nxg5 25. f3 Rd8 26. Bb4 a5 27. Be1 Bf8 28.
Bc3 Bxc5+ 29. Kh2 Rf8 30. Rfd1 Be7 31. Qb3 Bf6 32. Qb6 Qg7 33. Rd6 Bxh3 34.
Nxf4 Qh6 35. Nxh3 Nxh3 36. Rxf6 Rxf6 37. Qb8+ Rxb8 38. Rxb8+ Kg7 39. Rg8# 1-0